Thirty-five years in the East. (Record no. 234280)

000 -LEADER
fixed length control field 01081cam a22002531 4500
001 - CONTROL NUMBER
control field 1689242
003 - CONTROL NUMBER IDENTIFIER
control field Nust
005 - DATE AND TIME OF LATEST TRANSACTION
control field 20170316172802.0
008 - FIXED-LENGTH DATA ELEMENTS--GENERAL INFORMATION
fixed length control field 840920s1852 enkcfh 000 0 eng
010 ## - LIBRARY OF CONGRESS CONTROL NUMBER
LC control number 04022419
040 ## - CATALOGING SOURCE
Original cataloging agency DLC/ICU
Transcribing agency ICU
Modifying agency DLC
043 ## - GEOGRAPHIC AREA CODE
Geographic area code a-ii---
050 00 - LIBRARY OF CONGRESS CALL NUMBER
Classification number R605
Item number .H77
082 ## - DEWEY DECIMAL CLASSIFICATION NUMBER
Classification number 954
Author Mark HON
100 1# - MAIN ENTRY--PERSONAL NAME
Personal name Honigberger, John Martin,
Dates associated with a name 1795-1869.
245 10 - TITLE STATEMENT
Title Thirty-five years in the East.
Remainder of title Adventures, discoveries, experiements, and historical sketches, relating to the Punjab and Cashmere; in connection with medicine, botany, pharmacy, etc. Together with an original materia medica; and a medical vocabulary, in four European and five eastern languages:
Statement of responsibility, etc. by John Martin Honigberger ...
260 ## - PUBLICATION, DISTRIBUTION, ETC.
Place of publication, distribution, etc. London,
Name of publisher, distributor, etc. H. Baillière,
Date of publication, distribution, etc. 1852.
300 ## - PHYSICAL DESCRIPTION
Extent 2 v. in 1.
Other physical details front. (port.) plates, facsim.
Dimensions 23 cm.
650 #0 - SUBJECT ADDED ENTRY--TOPICAL TERM
Topical term or geographic name entry element Medicine
Geographic subdivision India.
650 #0 - SUBJECT ADDED ENTRY--TOPICAL TERM
Topical term or geographic name entry element Botany
Geographic subdivision India.
650 #0 - SUBJECT ADDED ENTRY--TOPICAL TERM
Topical term or geographic name entry element Materia medica
Geographic subdivision India.
651 #0 - SUBJECT ADDED ENTRY--GEOGRAPHIC NAME
Geographic name India
General subdivision History.
651 #0 - SUBJECT ADDED ENTRY--GEOGRAPHIC NAME
Geographic name India
General subdivision Description and travel.
906 ## - LOCAL DATA ELEMENT F, LDF (RLIN)
a 7
b cbc
c orignew
d u
e ocip
f 19
g y-gencatlg
942 ## - ADDED ENTRY ELEMENTS (KOHA)
Source of classification or shelving scheme
Koha item type Book
Holdings
Withdrawn status Lost status Source of classification or shelving scheme Damaged status Not for loan Permanent Location Current Location Date acquired Total Checkouts Full call number Barcode Date last seen Price effective from Koha item type
          School of Civil and Environmental Engineering (SCEE) School of Civil and Environmental Engineering (SCEE) 03/16/2017   954 HON NIT-9018 03/16/2017 03/16/2017 Book
© 2023 Central Library, National University of Sciences and Technology. All Rights Reserved.